Physics of materials

সংরক্ষণ করুন:
গ্রন্থ-পঞ্জীর বিবরন
প্রধান লেখক: Quéré, Yves (Author)
বিন্যাস: গ্রন্থ
ভাষা:ইংরেজি
প্রকাশিত: Amsterdam Gordon and Breach Science Publishers 1998
বিষয়গুলি:
ট্যাগগুলো: ট্যাগ যুক্ত করুন
কোনো ট্যাগ নেই, প্রথমজন হিসাবে ট্যাগ করুন!

MARC

LEADER 00000nam a2200000 a 4500
001 UCH2762
003 CL-VaPUC
008 090624e19980000NE |||||||||||||||||eng|d
020 |a 9056991191 
082 0 4 |a 530.412  |b QUE  |2 21 
100 0 |a Quéré, Yves  |e author  |9 537793 
245 1 0 |a Physics of materials 
300 |a 483 p 
942 |c BK 
945 |d 20090624 00:00:00  |a dcastane 
260 |a Amsterdam  |b Gordon and Breach Science Publishers  |c 1998 
650 0 |a Ciencia de los materiales  |9 317742 
650 0 |a Materiales  |9 260800 
650 0 |a Física   |9 227844 
583 |a last modification  |c 20090624 00:00:00  |k Rodrigo Vera 
999 |c 334461  |d 334459 
952 |0 0  |1 0  |4 0  |6 530_412000000000000_QUE_1998  |7 0  |8 A  |9 423515  |a BIBCUR  |b BIBCUR  |d 2019-11-22  |i 4564650  |o 530.412 QUE 1998  |p 4564650  |r 2025-04-22  |w 2019-11-22  |y BK  |k FIS